| 000 | 00360nam a2200145Ia 4500 | ||
|---|---|---|---|
| 008 | 230719s9999 xx 000 0 und d | ||
| 041 | _aeng | ||
| 082 |
_a659.1 _bHAR |
||
| 100 |
_aHarrow S. _9203890 |
||
| 245 | _aSell Yourself Without Selling Your Soul | ||
| 260 | _bHarper Collins | ||
| 300 | _a373 | ||
| 365 |
_cRs. _b187.00 |
||
| 700 |
_aHarrow S. _9203890 |
||
| 999 |
_c354496 _d354496 |
||